000 00592nam a2200181Ia 4500
999 _c21796
_d21796
003 OSt
005 20200515095816.0
008 190216s9999||||xx |||||||||||||| ||und||
020 _a 9781851684021
040 _coclc
082 _a956.013092
_bHUM/M
100 _aHumphreys, R Stephen
_92350
245 0 _a Mu' awiya Ibn Abi Sufyan From Arabia To Empire /
_cR Stephen Humphreys
260 _bOneworld Oxford,
_c2009.
_aEngland:
300 _a145p
650 0 _aHistory & geography
_92271
_vIslamic History
942 _cBK
_2ddc
_h956.013092
_iHUM/M
_k956.013092
_mHUM/M